000 00911nam a2200289Ia 4500
001 Z_5391
003 CHAP
008 220113s1982 xx 000 0 und d
010 _a168461
020 _a0304-5609
040 _cCHAP
082 _a636.08 A7 1993
111 _aAsociación Latinoamericana de Producción Animal. Reunión (13 : 1993 : Santiago de Chile)
_9142796
245 _aMemorias /
_cpor ALPA
260 _aMéxico, D. F. :
_bAsociación Latinoamericana de Producción Animal,
_c1982
300 _a504 p.
503 _ac/e
650 _aGanadería
_xCongresos
_944677
650 _aGanado
_xProducción
_xCongresos
_944947
711 _aSociedad Chilena de Producción Animal. Reunión (18 : 1993 : Santiago de Chile) \Ciencia e Investigación vol. 20 no. 2 1993
_9142797
901 _a636.08 A7 1993
902 _aM
910 _a1982
942 _c1
942 _cc1
999 _c168461
_d168461